Normal view MARC view

Entry Nombre personal

Number of records used in: 5

001 - NÚMERO DE CONTROL

  • campo de control: 133616

003 - IDENTIFICADOR DE NÚMERO DE CONTROL

  • campo de control: SpMaBN

005 - FECHA Y HORA DE LA ÚLTIMA TRANSACCIÓN

  • campo de control: 20250716090712.0

008 - ELEMENTOS DE DATO DE LONGITUD-FIJA

  • campo de control de longitud fija: 940531n| aijnnaabn |a aaa

016 ## - NÚMERO DE CONTROL DE UNA AGENCIA BIBLIOGRÁFICA NACIONAL

  • Número de control del registro: BNE19942309240

024 7# - IDENTIFICADOR DE OTROS ESTÁNDARES

  • Número estándar o código: http://viaf.org/viaf/102320586/
  • Fuente: viaf

024 7# - IDENTIFICADOR DE OTROS ESTÁNDARES

  • Número estándar o código: https://isni.org/isni/0000000108158468
  • Fuente: isni

024 7# - IDENTIFICADOR DE OTROS ESTÁNDARES

  • Número estándar o código: http://www.wikidata.org/entity/Q3106859
  • Fuente: wikidata

040 ## - FUENTE DE CATALOGACIÓN

  • Centro catalogador/agencia de origen: SpMaBN
  • Lengua de catalogación: spa
  • Centro/agencia transcriptor: SpMaBN
  • Normas de descripción: rdc
  • Convención/Normas de encabezamiento de materia/tesauro: embne

046 ## - FECHAS CON CODIFICACIÓN ESPECIAL

  • Fecha de nacimiento: 1792
  • Fecha de la muerte: 1861

100 1# - ENCABEZAMIENTO-NOMBRE DE PERSONA

  • Nombre de persona: Ventura, Gioacchino,
  • Fechas asociadas al nombre: 1792-1861

370 ## - LUGAR ASOCIADO

  • Lugar de nacimiento: Palermo
  • Número de control del registro de autoridad o número normalizado: XX452078
  • Fuente de información: Wikidata

374 ## - OCUPACIÓN

  • Ocupación: Filósofos
  • Ocupación: Predicadores
  • Fuente de información: Wikidata

375 ## - GÉNERO/SEXO

  • Género: Masculino

377 ## - IDIOMA ASOCIADO

  • Término de lengua/lenguaje: Italiano
  • Término de lengua/lenguaje: Francés

400 1# - TRAZADO DE VÉASE--NOMBRE DE PERSONA

  • Nombre de persona: Raulica, Gioacchino Ventura da,
  • Fechas asociadas al nombre: 1792-1861

400 1# - TRAZADO DE VÉASE--NOMBRE DE PERSONA

  • Nombre de persona: Ventura, Joachim,
  • Fechas asociadas al nombre: 1792-1861

400 1# - TRAZADO DE VÉASE--NOMBRE DE PERSONA

  • Nombre de persona: Ventura da Raulica, Gioacchino,
  • Fechas asociadas al nombre: 1792-1861

400 1# - TRAZADO DE VÉASE--NOMBRE DE PERSONA

  • Nombre de persona: Ventura di Raulica, Gioacchino,
  • Fechas asociadas al nombre: 1792-1861

670 ## - FUENTE DE DATOS ENCONTRADOS

  • Cita de la fuente: CDMARC names, 1993
  • Información encontrada: (Ventura, Gioacchino, 1792-1861)

670 ## - FUENTE DE DATOS ENCONTRADOS

  • Cita de la fuente: Larousse
  • Información encontrada: [Ventura di Raulica (Gioacchino)]